00234nam a2200097Ia 4500008004100000100002400041245002800065260002700093300000800120650000800128191201s2014 xx 000 0 und d aJOSHI, Rakesh Mohan 0aInternational Marketing aN. delhibOxfordc2014 a751 aMBA